000 01328nam a22003497a 4500
003 DO-SdBNP
005 20251020111326.0
007 ta
008 210910e2017 a|||| |||| 00| 0aspa
020 _a9789945906417
040 _aDO-SdBNP
_bspa
_cBNPHU
082 _222
_a350.1
_bG643g
100 _979747
_aGonzález Báez, Keila
245 1 0 _aLa guía para emprender auque no tengas un peso /
_cKeila González Báez
260 _aSanto Domingo :
_bBien-etre Media Group,
_c2017.
300 _a139 p. :
_bil.;
_c21 cm.
500 _aCreadora de la Revista Bien-étre.
500 _aIncluye datos biográficos de la autora en la contraportada del libro.
500 _aIncluye índice de contenido.
505 _aCapítulo 1.
_tDesde 1.
505 _aCapítulo II.
_t"The one woman shw --
505 _aCapítulo III.
_tHablemos de dinero --
505 _aCapítulo IV.
_tLa esencia de tu marca y cómo lo comunicas al mundo --
505 _aCapítulo V.
_tSalud, hábitos y productividad --
505 _aCapítulo VI.
_teL Fracaso: también es una posibilidad --
590 _aInventariado, 2021 S/A
650 4 0 _aAptitud creadora en los negocios
_911334
650 4 _aMicroempresas
_z República Dominicana
_9289
650 4 _97710
_aÉxito en los negocios.
910 _aSaquino
942 _2ddc
_cLBS1
999 _c50476
_d50476